| 000 | 00511nab a2200157Ia 4500 | ||
|---|---|---|---|
| 003 | ES-SlBCS | ||
| 005 | 20210601133745.0 | ||
| 008 | 140529s1995 xxu||||| |||| 00| 0 por d | ||
| 041 | _apor | ||
| 100 | 1 |
_aLeite, Lucimara _9209303 |
|
| 245 | 0 | 0 |
_aO arco e a lira - O inaudito na erótica de Safo _c Lucimara Leite, Dion Davi Maced |
| 650 | 0 | 4 |
_aSafo-La Lira y el Arco _9209304 |
| 700 | 1 |
_aMaced, Dion Davi _9209305 |
|
| 773 | 0 |
_tEducaçao e Filosofia _gvol. 9, nº. 17, 1995, págs. 91-111 _wRev1534 |
|
| 942 | _cAR | ||
| 999 |
_c601616 _d601616 |
||